| 000 | 01084cam a2200193 4500 | ||
|---|---|---|---|
| 001 | WB3930-12 | ||
| 008 | 030804n2003 000 0 eng u | ||
| 035 | _a(Sirsi) u123179 | ||
| 245 | _aAgency report on business behaviour | ||
| 260 | _c2003 | ||
| 490 |
_aRICS Environment Faculty News _v1 August 2003 (1) |
||
| 520 | _aThe Environment Agency has published its fifth annual report on good and bad environmental behaviour by businesses in England and Wales. "Spotlight on business environmental performance 2002" reveals the waste industry as the most frequent polluter whilst the construction industry, farming and the metals sector have shown the most significant reductions in pollution incidents. Overall, serious pollution incidents were down by 21%. "Spotlight 2002" at www.environment-agency.gov.uk/business/444255/518536. www.rics.org/ricscms/bin/show?class=News&template=/includes/shownews.html&id=6639 | ||
| 590 | _aWB | ||
| 650 | _aENVIRONMENTAL PERFORMANCE | ||
| 650 | _aPOLLUTION | ||
| 650 | _aBUSINESSES | ||
| 690 | _aENVIRONMENT-AUDIT/ASSESSMENT | ||
| 942 | _n0 | ||
| 999 |
_c73153 _d73153 |
||